000 00996nam a22002297a 4500
005 20240530110337.0
008 141021s2010 le gr 000 0dara d
020 _a9789953823584
040 _aEG-CaGPL
082 0 4 _221
_a341.552\
_bم م
100 0 _aمحمد عاشور مهدى
245 1 2 _aالمحكمة الجنائية الدولية والسودان :
_bجدل السياسة والقانون /
_cمحمد عاشور مهدى
260 _aبيروت :
_bمركز دراسات الوحدة العربية ،
_c2010
300 _a208 ص ؛
_c24 سم
650 0 4 _aقانون الاجراءات الجنائية
_zالسودان
650 0 4 _aالمحاكم الدولية
_zالسودان
650 0 4 _aالقانون الدولى
_zالسودان
650 0 4 _aمجلس الامن
_xالقرارات
_zالسودان
651 _aالسودان
_xالاحوال السياسية
942 _2ddc
_cBK
999 _c59813
_d59813